UBT Library

The new military in Russia : (Record no. 473)

000 -LEADER
fixed length control field 00608nam a22001817a 4500
008 - FIXED-LENGTH DATA ELEMENTS--GENERAL INFORMATION
fixed length control field 140527b xxu||||| |||| 00| 0 eng d
020 ## - INTERNATIONAL STANDARD BOOK NUMBER
International Standard Book Number 1557507406
041 0# - LANGUAGE CODE
Language code of text/sound track or separate title eng
080 ## - UNIVERSAL DECIMAL CLASSIFICATION NUMBER
Universal Decimal Classification number 355
Common auxiliary subdivision (47+57)
100 ## - Rafti
Rafti Staar, Richard Felix,
245 10 - TITLE STATEMENT
Title The new military in Russia :
Statement of responsibility, etc Richard F. Staar.
260 ## -
-- Annapolis, Md. :
-- Naval Institute Press,
-- 1996.
300 ## -
-- 248 f.:
-- me il.;
-- 23 cm.
500 ## -
-- Preface and Acknowledgments: f. XVII-XVIII
650 #0 -
-- Rusia (Federata)
-- Forcat ushtarake
650 #0 -
-- Rusia (Federata)
-- Politika ushtarake
942 ## - ADDED ENTRY ELEMENTS (KOHA)
Source of classification or shelving scheme
Item type Books
Holdings
Withdrawn status Lost status Source of classification or shelving scheme Damaged status Not for loan Collection code Permanent location Current location Shelving location Date acquired Total Checkouts Full call number Date last seen Koha item type
          Koleksioni i përgjithshem UBT - Prishtine UBT - Prishtine Koleksioni i përgjithshem 05/27/2014   355 (47+57) STA 05/27/2014 Books
UBT Library © 2015-2024. All rights reserved University Education for Business and Technology